| 000 | 00403nam a2200145Ia 4500 | ||
|---|---|---|---|
| 005 | 20250410031807.0 | ||
| 008 | 240331s9999 xx 000 0 und d | ||
| 082 |
_a142 _bRAV |
||
| 100 | _aRavindram, N | ||
| 245 | 0 | _aPin navenaththuvamum alakiyalum | |
| 260 |
_aVavuniya _bvaavuniya kalai ilakkiya nanbarkal vattam _c1997 |
||
| 300 | _aVii, 96 p ., | ||
| 500 | _aPost Modernism and Aesthetics | ||
| 942 | _cL | ||
| 999 |
_c728 _d728 |
||